| 000 | 00591 a2200133 4500 | ||
|---|---|---|---|
| 020 | _a3258052271 | ||
| 920 | _a3-258-05227-1 | ||
| 100 | 1 |
_aGroener, Helmut. _eAutor |
|
| 700 | 1 |
_aKoehler, Helmut. _eAutor |
|
| 700 | 1 |
_aKnorr, Andreas. _eAutor |
|
| 245 | 0 |
_aLiberalisierung der Telekommunikationsmaerkte : _bWettbewerbspolitische Probleme des Markteintritts von Elektrizitaetsversorgungsunternehmen in die deutschen Telekommunikationsmaerkte. / _cGroener Helmut, Koehler Helmut, Knorr Andreas. |
|
| 710 | 2 |
_aVerlag Paul Haupt. _eWydawca _4pbl |
|
| 260 |
_aBern : _bHaupt, _c1995. |
||
| 300 |
_a113 s.,bibliogr.; _c24 cm. |
||
| 999 |
_c208 _d208 |
||